Washington DC in TV Quiz Stats

 Plays Quiz not verified by Sporcle

Score 0/23 Timer 07:00
0 Plays Today
% Correct
Wonder Woman
94.9%
The X-Files
92.7%
Veep
88.2%
House of Cards
82.9%
Bones
82.4%
NCIS
78.4%
Scandal
69.1%
Murphy Brown
68.5%
The West Wing
61.6%
Madam Secretary
60.2%
Designated Survivor
53.5%
I Spy
43.5%
% Correct
Get Smart
42.4%
Lie to Me
32.7%
227
22.5%
Freakazoid
21.6%
The District
12.7%
Covert Affairs
12%
The President Show
10.9%
Alpha House
10.5%
Wanda at Large
6.5%
Hearts Afire
4.7%
The Inspectors
2.9%

You're not logged in!

Compare scores with friends on all Sporcle quizzes.
OR
Log In

You Might Also Like...

Show Comments

Extras

Top Quizzes Today


Score Distribution

Your Account Isn't Verified!

In order to create a playlist on Sporcle, you need to verify the email address you used during registration. Go to your Sporcle Settings to finish the process.

Report this User

Report this user for behavior that violates our Community Guidelines.

Details: